000 00787nam a2200217 i 4500
001 134081
003 ES-MaACL
005 20230906194608.0
007 t|
008 070905s1954 sp ||||1| spa d
080 _a355.49(100)"1939/45"
100 1 _aWarren, C. E. T.
_9116122
245 1 0 _aBajo las olas
_b: historia de los submarinos de bolsillo y los torpedos humanos /
_cC. E. T. Warren ; prólogo del almirante Sir George Creasy... ; [traducción del inglés por José Onrubia].
260 _aBarcelona :
_bArgos,
_c[1954]
300 _a277 p., 12 h. de lám. :
_bil., mapas ;
_c23 cm.
650 4 _aSubmarinos.
_9155749
700 1 _aBenson, James.
_927778
700 1 _aCreasy, George.
_941468
700 1 _aOnrubia, José.
_987095
852 _aES-MaACL
_jC-8364
_bR.36588
999 _c134081
_d134081